Danganronpa 2: Goodby Despair personnage - Statistiques

Statistiques générales
  • Ce quiz a été pris 113 fois
  • Le résultat moyen est 15 sur 19
Statistiques - réponses
Hint Réponse % Correct
Responsable du jeu Monokuma
96%
L'ultime Imposteur Byakuya Togami/ imposteur
90%
L'ultime ??? Hajime Hinata
87%
L'ultime Mécanicien Kazuichi Soda
86%
L'ultime Gameuse Chiaki Nanami
85%
La professeur Usami/Monomi
85%
L'ultime Musicienne Ibuki Mioda
82%
L'ultime Princesse Sonia Nevermind
82%
L'ultime chanceux Nagito Komaeda
81%
L'ultime Eleveur Gundham Tanaka
80%
L'ultime Escrimeuse Peko Pekoyama
78%
L'ultime Gymnaste Akane Owari
76%
L'ultime Infermière Mikan Tsumiki
72%
L'ultime Manageur Nekomaru Nidai
72%
L'ultime Danseuse traditionnelle Hiyoko Saionji
70%
L'ultime Yakuza Fuyuhiko Kuzuryu
68%
L'ultime Cuisinier Teruteru Hanamura
63%
L'ultime Photographe Mahiru Koizumi
56%
L'ultime Espoir Izuru Kamukura
43%
Aucun quiz correspondant
Distribution des résultats
% des personnes avec chaque résultat
Percentile par nombre de réponses
Votre historique - résultats
Vous n’avez pas pris ce quiz